[Event "6th Essent op"]
[Site "Hoogeveen NED"]
[Date "2002.10.13"]
[Round "3.14"]
[White "Prasad, Devaki V"]
[Black "Weeks, Manuel"]
[Result "1-0"]
[WhiteElo "2421"]
[BlackElo "2259"]
[EventDate "2002.10.11"]
[PlyCount "133"]

1.e4 e5 2.Nf3 Nc6 3.Bb5 a6 4.Ba4 Nf6 5.O-O Be7 6.Re1 b5 7.Bb3 d6 8.c3 O-O 
9.a4 Bg4 10.d3 Na5 11.Bc2 c5 12.Nbd2 Re8 13.h3 Bd7 14.Nf1 h6 15.Bd2 Bf8 
16.Ne3 Qc7 17.b4 Nc6 18.axb5 axb5 19.Bb3 Ne7 20.Rxa8 Rxa8 21.Qb1 Bc6 22.c4
cxb4 23.Bxb4 bxc4 24.Nxc4 Ng6 25.Bc3 Rb8 26.Qc2 Re8 27.Bd2 Bb5 28.Qa2 Qb7 
29.Rb1 Ra8 30.Na5 Rxa5 31.Bxa5 Bxd3 32.Rc1 Nf4 33.Rc7 Qxe4 34.Bxf7+ Kh7 
35.Ne1 Bb5 36.Qc2 Nd3 37.Nxd3 Bxd3 38.Qd2 d5 39.Rc1 Bc4 40.Be6 Bc5 41.Bc3 
Qg6 42.g4 Nxg4 43.Bxg4 h5 44.Qd1 e4 45.Bd2 hxg4 46.Qxg4 Qxg4+ 47.hxg4 Bd4 
48.Kg2 Kg6 49.Kg3 Be5+ 50.Bf4 Bd4 51.Rb1 Kf6 52.Rb7 g5 53.Be3 Be5+ 54.f4 
gxf4+ 55.Bxf4 Bc3 56.Rb6+ Kf7 57.g5 Be2 58.Rd6 Be1+ 59.Kg2 Bc3 60.Rxd5 
Bf3+ 61.Kf2 Kg6 62.Be3 Bb4 63.Kg3 Ba3 64.Ra5 Bb4 65.Ra6+ Kf7 66.g6+ Kg8 
67.Bd4 1-0

[Event "6th Essent op"]
[Site "Hoogeveen NED"]
[Date "2002.10.13"]
[Round "3.15"]
[White "Filipek, Jakub"]
[Black "Van Kooten, Luuk"]
[Result "1-0"]
[WhiteElo "2374"]
[BlackElo "2236"]
[EventDate "2002.10.11"]
[PlyCount "43"]

1.e4 e5 2.Nf3 Nc6 3.Bb5 a6 4.Ba4 Nf6 5.O-O Be7 6.Re1 b5 7.Bb3 d6 8.c3 O-O 
9.h3 Nd7 10.d4 Bf6 11.a4 Bb7 12.Na3 exd4 13.cxd4 Re8 14.axb5 axb5 15.Bf4 
b4 16.Nb5 Na5 17.Bxd6 Nxb3 18.Qxb3 Rxe4 19.Bxc7 Qe7 20.Nd6 Nc5 21.Rxa8+ 
Bxa8 22.Nxe4 1-0

[Event "6th Essent op"]
[Site "Hoogeveen NED"]
[Date "2002.10.13"]
[Round "3.16"]
[White "Pel, Bonno"]
[Black "Archangelsky, Mikhail"]
[Result "1-0"]
[WhiteElo "2229"]
[BlackElo "2370"]
[EventDate "2002.10.11"]
[PlyCount "148"]

1.Nc3 d5 2.e4 e6 3.d4 Nc6 4.Nf3 Nf6 5.e5 Ne4 6.Bb5 Bd7 7.O-O Be7 8.Bd3 
Nxc3 9.bxc3 Na5 10.Nd2 c5 11.Qg4 g6 12.Nf3 Rc8 13.Bh6 c4 14.Be2 Ba4 15.
Rac1 Kd7 16.Ng5 Qe8 17.Qf4 Bxg5 18.Qxg5 Rg8 19.h4 Kc7 20.Bg4 Kb8 21.Bh3 
Rc7 22.Qd2 Qe7 23.Kh2 b6 24.a3 Qd7 25.g4 Nb7 26.f4 Nd8 27.f5 Qe8 28.f6 Qb5
29.Rb1 Qa5 30.Rf3 Bd7 31.Ra1 b5 32.Bg7 Nc6 33.Qh6 Rgc8 34.Qxh7 Nxd4 35.
cxd4 Qd2+ 36.Bg2 Qxd4 37.Re1 Qxg4 38.c3 Bc6 39.Rg3 Qf4 40.Qh6 Qf5 41.Qe3 
Qc2 42.Re2 Qd1 43.Qd2 Qa1 44.Qb2 Qd1 45.Rg4 Rb7 46.Rd4 Qa4 47.Bh6 Qa5 48.
Qb4 Qc7 49.Bf8 a5 50.Qd6 Qxd6 51.Bxd6+ Ka7 52.Kg3 Rh8 53.Bf3 Kb6 54.Rh2 
Rg8 55.Kf4 Be8 56.Rd1 Rd7 57.Be7 Kc7 58.Rb2 Rh8 59.Rh1 Kb6 60.Ke3 Ka6 61.
Bc5 Rc7 62.Bd6 Rc8 63.h5 gxh5 64.Rxh5 Rg8 65.Rg2 Bc6 66.Rg7 d4+ 67.cxd4 
Bxf3 68.Kxf3 c3 69.Bc5 c2 70.Rh1 Rxc5 71.dxc5 Rc8 72.Rxf7 b4 73.axb4 axb4 
74.Ra1+ Kb5 1-0

[Event "6th Essent op"]
[Site "Hoogeveen NED"]
[Date "2002.10.13"]
[Round "3.17"]
[White "Hanley, Craig"]
[Black "Van Lommel, Patrick"]
[Result "1-0"]
[WhiteElo "2345"]
[BlackElo "2226"]
[EventDate "2002.10.11"]
[PlyCount "47"]

1.e4 e6 2.d4 d5 3.Nc3 dxe4 4.Nxe4 Nd7 5.Nf3 Ngf6 6.Nxf6+ Nxf6 7.c3 c5 8.
Ne5 Be7 9.Bb5+ Bd7 10.Nxd7 Nxd7 11.dxc5 Bxc5 12.Qh5 Be7 13.Bh6 a6 14.Bxg7 
Rg8 15.Bxd7+ Qxd7 16.Rd1 Qxd1+ 17.Qxd1 Rxg7 18.O-O Rd8 19.Qa4+ Kf8 20.Rd1 
Bd6 21.g3 Ke7 22.c4 Rg4 23.Qb3 Rd7 24.c5 1-0

[Event "6th Essent op"]
[Site "Hoogeveen NED"]
[Date "2002.10.13"]
[Round "3.18"]
[White "Hamelink, Desiree"]
[Black "Span, Paul"]
[Result "1-0"]
[WhiteElo "2188"]
[BlackElo "2295"]
[EventDate "2002.10.11"]
[PlyCount "131"]

1.e4 e6 2.d4 d5 3.Nd2 dxe4 4.Nxe4 Nd7 5.Bd3 Ngf6 6.Qe2 c5 7.Nxf6+ Nxf6 8.
dxc5 Bxc5 9.Bd2 Qb6 10.O-O-O Bd7 11.Nf3 Ng4 12.Ng5 Nxf2 13.Rdf1 Nxd3+ 14.
Qxd3 f6 15.Ne4 O-O-O 16.Qc3 Bc6 17.Nxc5 Bxg2 18.Nxe6+ Qc6 19.Qxc6+ bxc6 
20.Nxd8 Rxd8 21.Rhg1 Bxf1 22.Rxf1 Rd5 23.Bf4 Rf5 24.Rf2 Kd7 25.Bg3 Ra5 26.
a3 h5 27.Rf4 Ke6 28.Re4+ Kf5 29.Rc4 Ra6 30.Kd2 g5 31.Bf2 h4 32.Ke2 Ke6 33.
Bc5 f5 34.Rc3 Ra4 35.b4 a5 36.Re3+ Kd5 37.Rd3+ Ke4 38.Re3+ Kd5 39.Rd3+ Ke4
40.Be7 axb4 41.axb4 g4 42.Rc3 h3 43.Rxc6 Ra1 44.Rc4+ Kd5 45.Rc5+ Ke6 46.
Bh4 f4 47.Be1 g3 48.Rc3 g2 49.Bf2 Kf5 50.Rxh3 g1=Q 51.Bxg1 Rxg1 52.Kf2 Rc1
53.Rc3 Rh1 54.Kg2 Rb1 55.Rb3 Re1 56.Kf2 Rh1 57.Kg2 Re1 58.c4 Re2+ 59.Kg1 
Ke4 60.b5 f3 61.b6 Rg2+ 62.Kf1 Ra2 63.b7 Ra1+ 64.Kf2 Ra2+ 65.Kg3 f2 66.Kg2
1-0

[Event "6th Essent op"]
[Site "Hoogeveen NED"]
[Date "2002.10.13"]
[Round "3.20"]
[White "Berendsen, Richard"]
[Black "Van Geffen, Ben"]
[Result "0-1"]
[WhiteElo "2249"]
[BlackElo "2129"]
[EventDate "2002.10.11"]
[PlyCount "20"]

1.e4 e5 2.Nf3 Nc6 3.Bc4 Nf6 4.d4 exd4 5.e5 d5 6.Bb5 Ne4 7.Nxd4 Bc5 8.Be3 
O-O 9.Bxc6 bxc6 10.Nxc6 Bxe3 0-1

[Event "6th Essent op"]
[Site "Hoogeveen NED"]
[Date "2002.10.13"]
[Round "3.21"]
[White "Rooda, Kai P"]
[Black "Boersma, Jan"]
[Result "1/2-1/2"]
[WhiteElo "2156"]
[BlackElo "2244"]
[EventDate "2002.10.11"]
[PlyCount "40"]

1.e4 e6 2.d3 d5 3.Nd2 Nf6 4.Ngf3 Nc6 5.Be2 Be7 6.O-O O-O 7.c3 a5 8.Qc2 b6 
9.d4 Ba6 10.Bxa6 Rxa6 11.a4 Ra8 12.Ne1 e5 13.exd5 Qxd5 14.dxe5 Nxe5 15.
Ndf3 Bd6 16.Nxe5 Qxe5 17.g3 Rad8 18.Ng2 Qh5 19.Nh4 g6 20.Qd1 Qxd1 1/2-1/2

[Event "6th Essent op"]
[Site "Hoogeveen NED"]
[Date "2002.10.13"]
[Round "3.22"]
[White "Markus, John Raymond"]
[Black "Potze, Rudolf"]
[Result "1-0"]
[WhiteElo "2243"]
[BlackElo "2142"]
[EventDate "2002.10.11"]
[PlyCount "83"]

1.d4 Nf6 2.Nf3 g6 3.c4 Bg7 4.Nc3 d5 5.Bg5 Ne4 6.Bf4 Nxc3 7.bxc3 O-O 8.e3 
c5 9.Qa4 cxd4 10.cxd4 Bd7 11.Qa3 dxc4 12.Bxc4 b5 13.Be2 Nc6 14.O-O b4 15.
Qa6 Re8 16.Rab1 e5 17.dxe5 Nxe5 18.Nxe5 Bxe5 19.Bxe5 Rxe5 20.Rfd1 Qe8 21.
Bf3 Bb5 22.Qb7 Rb8 23.Qxa7 Ba4 24.Rd4 Re7 25.Qc5 Re5 26.Rd5 Re6 27.Rd6 Qe7
28.Rd5 Qe8 29.Qd4 Bc6 30.Rd6 Bxf3 31.gxf3 Qe7 32.Rxe6 Qxe6 33.Rb3 Qc8 34.
Rxb4 Ra8 35.a4 Qc6 36.Qe4 Qc1+ 37.Kg2 Ra5 38.h4 Qc7 39.Qf4 Qe7 40.Rb8+ Kg7
41.Qd4+ Kh6 42.Qb4 1-0

[Event "6th Essent op"]
[Site "Hoogeveen NED"]
[Date "2002.10.13"]
[Round "3.25"]
[White "Van Leent, Dmitri"]
[Black "Dogge, Marc"]
[Result "1/2-1/2"]
[WhiteElo "2203"]
[BlackElo "2124"]
[EventDate "2002.10.11"]
[PlyCount "86"]

1.c4 Nf6 2.g3 e6 3.Bg2 d5 4.Nf3 dxc4 5.Na3 c5 6.Nxc4 Nc6 7.O-O Be7 8.d3 
O-O 9.a4 Nd5 10.Bd2 Bf6 11.Qc1 e5 12.Ne3 Nxe3 13.fxe3 Be6 14.Bc3 Na5 15.
Qe1 Nc6 16.Nd2 Bg5 17.Qf2 Nd4 18.Ne4 Nc2 19.Nxg5 Nxa1 20.Nxe6 fxe6 21.
Qxf8+ Qxf8 22.Rxf8+ Rxf8 23.Bxb7 Nc2 24.Bxe5 Nxe3 25.Bf4 Nd5 26.Bd6 Rf7 
27.Bc8 Kh8 28.Bxe6 Rf6 29.Bxd5 Rxd6 30.e4 Rf6 31.Kg2 g5 32.g4 Kg7 33.h3 
Rf4 34.b3 Kf6 35.Bc4 Ke5 36.Kg3 Kd4 37.Kg2 Rf6 38.Kg3 Ke5 39.Bb5 a6 40.Bc4
Rd6 41.Kf3 Rf6+ 42.Kg3 Rh6 43.Bd5 Rf6 1/2-1/2

[Event "6th Essent op"]
[Site "Hoogeveen NED"]
[Date "2002.10.13"]
[Round "3.26"]
[White "Van Weersel, Arlette"]
[Black "Lahaye, Rick"]
[Result "1/2-1/2"]
[WhiteElo "2093"]
[BlackElo "2195"]
[EventDate "2002.10.11"]
[PlyCount "71"]

1.e4 c5 2.c4 Nc6 3.Ne2 Nf6 4.Nbc3 e6 5.d4 d5 6.exd5 exd5 7.cxd5 Nxd5 8.
dxc5 Ndb4 9.Qxd8+ Nxd8 10.Kd2 Bxc5 11.a3 Nbc6 12.Ne4 Be7 13.N2c3 f5 14.Ng3
Be6 15.Bd3 Nd4 16.Nb5 Nb3+ 17.Ke2 Rc8 18.Nxa7 Nxa1 19.Nxc8 Bxc8 20.Bxf5 
Be6 21.Bh6 gxh6 22.Rxa1 O-O 23.Bxe6+ Nxe6 24.Rd1 Bf6 25.b4 Nd4+ 26.Kf1 Nc2
27.Rd7 Re8 28.f3 b5 29.Ne4 Bb2 30.Rd2 Ne3+ 31.Kf2 Nc4 32.Rd7 Nxa3 33.Nd6 
Bd4+ 34.Kf1 Re6 35.Rd8+ Kg7 36.Nf5+ 1/2-1/2

[Event "6th Essent op"]
[Site "Hoogeveen NED"]
[Date "2002.10.13"]
[Round "3.28"]
[White "Spoelman, Wouter"]
[Black "Galje, Hans"]
[Result "1/2-1/2"]
[WhiteElo "2206"]
[BlackElo "2125"]
[EventDate "2002.10.11"]
[PlyCount "77"]

1.e4 d5 2.exd5 Qxd5 3.Nc3 Qa5 4.d4 c6 5.Nf3 Nf6 6.Ne5 Be6 7.Nc4 Bxc4 8.
Bxc4 e6 9.O-O Bd6 10.Qe2 Qc7 11.g3 Nbd7 12.Rb1 O-O 13.Bg5 h6 14.Bxf6 Nxf6 
15.Ne4 Be7 16.Bd3 Rad8 17.c3 e5 18.Nxf6+ Bxf6 19.Qe4 g6 20.Bc4 Kg7 21.d5 
cxd5 22.Bxd5 Rd7 23.Rbd1 Rfd8 24.Rd3 Be7 25.Rfd1 f5 26.Qa4 Bc5 27.Kg2 b5 
28.Qb3 a5 29.c4 bxc4 30.Qxc4 Qa7 31.f4 e4 32.Bxe4 fxe4 33.Rxd7+ Rxd7 34.
Rxd7+ Qxd7 35.Qxc5 Qd2+ 36.Kh3 e3 37.Qe7+ Kg8 38.Qe6+ Kg7 39.Qe7+ 1/2-1/2

[Event "6th Essent op"]
[Site "Hoogeveen NED"]
[Date "2002.10.13"]
[Round "3.30"]
[White "Cako, Laszlo"]
[Black "Van der Veen, Jan"]
[Result "0-1"]
[WhiteElo "2115"]
[BlackElo "2135"]
[EventDate "2002.10.11"]
[PlyCount "78"]

1.e4 e5 2.Nf3 Nc6 3.Bb5 Nf6 4.O-O Nxe4 5.d4 Be7 6.Re1 Nd6 7.dxe5 Nxb5 8.a4
d5 9.axb5 Nb8 10.Nc3 Be6 11.Nd4 O-O 12.Be3 Qd7 13.f4 c5 14.bxc6 bxc6 15.
Nb3 Qb7 16.Qd4 Na6 17.Qa4 Nb4 18.Nc5 Qb8 19.Ne2 Qb6 20.Qa5 Nxc2 21.Bf2 
Qxa5 22.Rxa5 Nxe1 23.Bxe1 Rfb8 24.b4 Rb5 25.Rxb5 cxb5 26.Nd4 Bxc5 27.bxc5 
a5 28.f5 Bd7 29.e6 fxe6 30.fxe6 Be8 31.c6 b4 32.Nf5 Ra7 33.Bf2 Rc7 34.Bb6 
b3 35.Bxc7 b2 36.Ne7+ Kh8 37.Bd8 b1=Q+ 38.Kf2 Qc2+ 39.Kf3 Bxc6 0-1

[Event "6th Essent op"]
[Site "Hoogeveen NED"]
[Date "2002.10.14"]
[Round "4.3"]
[White "Nijboer, Friso"]
[Black "Goloshchapov, Alexander"]
[Result "1/2-1/2"]
[WhiteElo "2556"]
[BlackElo "2536"]
[EventDate "2002.10.11"]
[PlyCount "34"]

1.e4 e6 2.d4 d5 3.Nc3 Bb4 4.e5 c5 5.a3 Bxc3+ 6.bxc3 Ne7 7.Qg4 O-O 8.Bd3 
Qa5 9.Bd2 Nbc6 10.Nf3 f5 11.exf6 Rxf6 12.Qh5 Nf5 13.c4 Qa4 14.dxc5 dxc4 
15.Qg4 Ncd4 16.Bxf5 Nxf3+ 17.Qxf3 Rxf5 1/2-1/2

[Event "6th Essent op"]
[Site "Hoogeveen NED"]
[Date "2002.10.14"]
[Round "4.4"]
[White "Brodsky, Mikhail"]
[Black "Cheparinov, Ivan"]
[Result "1-0"]
[WhiteElo "2547"]
[BlackElo "2473"]
[EventDate "2002.10.11"]
[PlyCount "95"]

1.e4 c5 2.Nf3 d6 3.d4 cxd4 4.Nxd4 Nf6 5.f3 e5 6.Nb3 Be6 7.c4 a5 8.Be3 a4 
9.N3d2 Be7 10.Be2 O-O 11.Na3 Nbd7 12.O-O Nh5 13.Ndb1 Nf4 14.Nc3 Bg5 15.Bf2
Qf6 16.Kh1 Qh6 17.Rg1 Nf6 18.Bf1 N6h5 19.Nab5 Rad8 20.Qe1 f5 21.Rd1 Be7 
22.g3 fxe4 23.gxf4 Nxf4 24.Nxe4 Qh5 25.Qe3 d5 26.Ng3 Qf7 27.Qxe5 Ng6 28.
Qh5 dxc4 29.Be2 a3 30.bxa3 Nf4 31.Qxf7+ Kxf7 32.Nc3 Nxe2 33.Ngxe2 Bxa3 34.
Rxd8 Rxd8 35.Bd4 g6 36.Rb1 Rd7 37.Kg2 Be7 38.Ne4 Bd5 39.Bc3 Bc6 40.Nd4 Bd5
41.a4 Rd8 42.a5 Rd7 43.Rb5 Ke8 44.Nc5 Bxc5 45.Rxc5 Kd8 46.Kg3 Ke7 47.h4 
Bf7 48.Rc8 1-0

[Event "6th Essent op"]
[Site "Hoogeveen NED"]
[Date "2002.10.14"]
[Round "4.5"]
[White "Riazantsev, Alexander"]
[Black "Grooten, Herman"]
[Result "1-0"]
[WhiteElo "2543"]
[BlackElo "2379"]
[EventDate "2002.10.11"]
[PlyCount "125"]

1.d4 Nf6 2.c4 e6 3.Nf3 b6 4.e3 c5 5.Bd3 Bb7 6.O-O g6 7.Nc3 Bg7 8.e4 cxd4 
9.Nxd4 d6 10.f4 a6 11.Nf3 Nbd7 12.Qe2 O-O 13.Kh1 Qc7 14.Bd2 Rae8 15.Rac1 
Qb8 16.Ng5 Nh5 17.Nh3 Nc5 18.Bb1 f5 19.b4 Bxc3 20.Bxc3 Nxe4 21.Bxe4 Bxe4 
22.Qd2 e5 23.c5 Rd8 24.Qf2 bxc5 25.bxc5 Nf6 26.Ng5 Ng4 27.Qh4 Qb7 28.Nxe4 
Qxe4 29.cxd6 Rxd6 30.fxe5 Rd3 31.h3 Ne3 32.Qxe4 fxe4 33.Rxf8+ Kxf8 34.Bb4+
Kf7 35.Rc6 Nf5 36.e6+ Ke8 37.g4 Ng7 38.e7 Kf7 39.Rxa6 Rxh3+ 40.Kg2 Rd3 41.
g5 Ne8 42.Ra5 Nd6 43.Re5 Ke8 44.Re6 Nf5 45.Rb6 Nxe7 46.Re6 Rd4 47.Bxe7 
Rd2+ 48.Kg3 Kf7 49.Rxe4 Rxa2 50.Bc5 Rc2 51.Be3 Rc7 52.Kg4 Re7 53.Rxe7+ 
Kxe7 54.Kf4 Ke6 55.Ke4 Kd6 56.Bd2 Ke6 57.Bf4 Ke7 58.Ke5 Kf7 59.Kd6 Kf8 60.
Ke6 Kg8 61.Ke7 Kg7 62.Be5+ Kg8 63.Bf6 1-0

[Event "6th Essent op"]
[Site "Hoogeveen NED"]
[Date "2002.10.14"]
[Round "4.6"]
[White "Radulski, Yulian"]
[Black "Shaposhnikov, Evgeny"]
[Result "1/2-1/2"]
[WhiteElo "2487"]
[BlackElo "2544"]
[EventDate "2002.10.11"]
[PlyCount "58"]

1.d4 Nf6 2.c4 e6 3.Nf3 b6 4.e3 Bb7 5.Bd3 d5 6.O-O Bd6 7.b3 O-O 8.Bb2 Nbd7 
9.Nc3 a6 10.Rc1 Ne4 11.Ne2 Qe7 12.Ne5 Rfd8 13.f3 Nef6 14.Qc2 c5 15.Ng3 
cxd4 16.Nxd7 Rxd7 17.exd4 Rc8 18.Rce1 Qd8 19.Rd1 Qc7 20.Qf2 Bf4 21.Kh1 g6 
22.Ne2 Bh6 23.c5 bxc5 24.dxc5 Bg7 25.b4 Ng4 26.fxg4 Bxb2 27.Nd4 e5 28.Qxb2
Re8 29.Rf6 Qd8 1/2-1/2

[Event "6th Essent op"]
[Site "Hoogeveen NED"]
[Date "2002.10.14"]
[Round "4.10"]
[White "De Vreugt, Dennis"]
[Black "Sawadkuhi, Massoud Amir"]
[Result "1-0"]
[WhiteElo "2501"]
[BlackElo "2263"]
[EventDate "2002.10.11"]
[PlyCount "91"]

1.e4 c5 2.Nf3 d6 3.d4 cxd4 4.Nxd4 Nf6 5.Nc3 a6 6.Be3 e6 7.a4 Qc7 8.g4 h6 
9.h3 Nc6 10.Bg2 Be7 11.f4 Nd7 12.O-O Nb6 13.Qe2 Bd7 14.a5 Nc8 15.Nb3 Bf6 
16.Na4 N6e7 17.c4 Ng6 18.Nb6 Nxb6 19.axb6 Qb8 20.Na5 e5 21.f5 Ne7 22.Qd2 
Nc6 23.Nb3 O-O 24.Rfd1 Rd8 25.Bf3 Be8 26.Kg2 Rd7 27.h4 Nd4 28.Nxd4 exd4 
29.Bf2 Qd8 30.Kh3 Rc8 31.b3 Be5 32.g5 h5 33.Bxh5 Qxb6 34.Rab1 Qc6 35.Bf3 
Re7 36.Bxd4 Bd7 37.Kg2 Rce8 38.Bxe5 dxe5 39.Qd6 Qxd6 40.Rxd6 Bc6 41.Rbd1 
Rc7 42.h5 Ree7 43.Rd8+ Kh7 44.Kg3 Rcd7 45.R1xd7 Rxd7 46.Rf8 1-0

[Event "6th Essent op"]
[Site "Hoogeveen NED"]
[Date "2002.10.14"]
[Round "4.11"]
[White "Solleveld, Maarten"]
[Black "Pel, Bonno"]
[Result "1-0"]
[WhiteElo "2453"]
[BlackElo "2229"]
[EventDate "2002.10.11"]
[PlyCount "123"]

1.e4 d6 2.d4 Nf6 3.Nc3 g6 4.h3 c6 5.g4 e5 6.Nge2 b5 7.a3 Bb7 8.Bg2 Nbd7 9.
Be3 Be7 10.Qd2 a6 11.Bh6 Qb6 12.O-O O-O-O 13.b4 exd4 14.Nxd4 Ne5 15.Nb3 
Nc4 16.Qf4 Rhe8 17.a4 Ng8 18.axb5 axb5 19.Bg7 f6 20.h4 Rd7 21.g5 fxg5 22.
Qf7 Rdd8 23.Bd4 c5 24.Nd5 Qc6 25.Qxg8 Kb8 26.Qg7 cxd4 27.Qxd4 g4 28.e5 
Bxh4 29.Qa7+ Kc8 30.Ne7+ Rxe7 31.Bxc6 Bxc6 32.Qd4 Nxe5 33.Qb6 Nf3+ 34.Kh1 
Ne5+ 35.f3 gxf3 36.Nd4 Be4 37.Ra3 Rb7 38.Ra8+ Kd7 39.Rxd8+ Bxd8 40.Qa6 f2+
41.Kh2 Ng4+ 42.Kg3 h5 43.Nxb5 Rb6 44.Qa7+ Rb7 45.Qd4 Rxb5 46.Qxe4 Rf5 47.
b5 d5 48.Qd4 Bc7+ 49.Kg2 Ke6 50.c4 dxc4 51.Qxc4+ Kf6 52.Qd4+ Be5 53.Qd3 
Kg5 54.b6 Rf7 55.Qb3 Rb7 56.Qb5 Rf7 57.b7 Rf8 58.Qc5 Rb8 59.Qe7+ Kh6 60.
Rb1 h4 61.Qxh4+ Kg7 62.Qxg4 1-0

[Event "6th Essent op"]
[Site "Hoogeveen NED"]
[Date "2002.10.14"]
[Round "4.12"]
[White "Hamelink, Desiree"]
[Black "Prasad, Devaki V"]
[Result "1/2-1/2"]
[WhiteElo "2188"]
[BlackElo "2421"]
[EventDate "2002.10.11"]
[PlyCount "83"]

1.e4 c5 2.c4 Nc6 3.Nc3 g6 4.Nf3 Bg7 5.Be2 d6 6.O-O e6 7.d3 Nge7 8.Be3 Nd4 
9.Qd2 h6 10.Ne1 a6 11.f4 b5 12.Nf3 b4 13.Nd1 Nec6 14.Rb1 Rb8 15.Bf2 a5 16.
Ne3 a4 17.Nc2 e5 18.Ncxd4 exd4 19.Bg3 O-O 20.Nh4 Rb6 21.Rf2 Bf6 22.Nf3 h5 
23.Ng5 Ne5 24.h3 Rb7 25.Bh4 Nc6 26.Rbf1 a3 27.b3 Qe8 28.f5 Bg7 29.f6 Bh6 
30.Bxh5 Qe5 31.Bd1 Nd8 32.Qf4 Re8 33.Qxe5 dxe5 34.Kh2 Rb6 35.g4 Nb7 36.Kg2
Nd8 37.Be2 Bb7 38.Nf3 Be3 39.g5 Ne6 40.Bg3 Nxg5 41.Nxg5 Bxg5 42.Bg4 
1/2-1/2

[Event "6th Essent op"]
[Site "Hoogeveen NED"]
[Date "2002.10.14"]
[Round "4.14"]
[White "Willemsen, Jos"]
[Black "Van der Stricht, Geert"]
[Result "1/2-1/2"]
[WhiteElo "2263"]
[BlackElo "2403"]
[EventDate "2002.10.11"]
[PlyCount "89"]

1.e4 c5 2.b3 d6 3.Bb2 Nf6 4.Nc3 Nc6 5.Nf3 e6 6.d4 cxd4 7.Nxd4 Qa5 8.Bb5 
Bd7 9.O-O Be7 10.Re1 O-O 11.Bf1 Rfd8 12.a3 a6 13.Qd2 Rac8 14.Rad1 Nxd4 15.
Qxd4 Bf8 16.h3 b5 17.Qe3 Bc6 18.Qg3 Kh8 19.Bd3 Bb7 20.Nb1 e5 21.Nd2 Nh5 
22.Qf3 Nf4 23.Nf1 Nxd3 24.cxd3 Rc2 25.Bc1 Qc7 26.Ne3 Rc3 27.b4 Qd7 28.Bb2 
Rcc8 29.Rc1 Qe6 30.Nd5 f5 31.Nb6 fxe4 32.dxe4 Rb8 33.Nd5 Rd7 34.Rc2 Rf7 
35.Qd3 g6 36.Bc1 Rc8 37.Rxc8 Qxc8 38.Bg5 Qe6 39.Rc1 h6 40.Be3 Kh7 41.f3 h5
42.Bg5 Bh6 43.Bxh6 Kxh6 44.Qd2+ Kg7 45.Rc3 1/2-1/2

[Event "6th Essent op"]
[Site "Hoogeveen NED"]
[Date "2002.10.14"]
[Round "4.16"]
[White "De Jong, Migchiel"]
[Black "Timmermans, Ivo"]
[Result "1/2-1/2"]
[WhiteElo "2298"]
[BlackElo "2180"]
[EventDate "2002.10.11"]
[PlyCount "45"]

1.Nf3 c5 2.e4 d6 3.d4 cxd4 4.Nxd4 Nf6 5.f3 e5 6.Nb3 Be7 7.c4 O-O 8.Nc3 a5 
9.Be3 a4 10.Nc1 Qa5 11.Qd2 Be6 12.Nd5 Qxd2+ 13.Kxd2 Nxd5 14.cxd5 Bd7 15.
Nd3 Na6 16.Be2 Rfc8 17.Rhc1 Kf8 18.g3 Bd8 19.f4 Ba5+ 20.Kd1 f6 21.Rxc8+ 
Rxc8 22.Rc1 Rxc1+ 23.Kxc1 1/2-1/2

[Event "6th Essent op"]
[Site "Hoogeveen NED"]
[Date "2002.10.14"]
[Round "4.17"]
[White "Van Geffen, Ben"]
[Black "Dougherty, Michael J"]
[Result "0-1"]
[WhiteElo "2129"]
[BlackElo "2281"]
[EventDate "2002.10.11"]
[PlyCount "92"]

1.e4 c5 2.Nf3 Nc6 3.d4 cxd4 4.Nxd4 Nf6 5.Nc3 e5 6.Ndb5 d6 7.Bg5 a6 8.Na3 
b5 9.Bxf6 gxf6 10.Nd5 f5 11.exf5 Bxf5 12.c3 Bg7 13.Nc2 O-O 14.Nce3 Be6 15.
Bd3 f5 16.Bc2 Ne7 17.Nxe7+ Qxe7 18.Bxf5 Bf7 19.O-O e4 20.Qg4 d5 21.Rad1 
Rad8 22.Kh1 h5 23.Qg3 Kh8 24.f3 Bh6 25.fxe4 dxe4 26.Bh3 Rxd1 27.Rxd1 Qg5 
28.Nf5 Qxg3 29.hxg3 Bg5 30.Re1 Bg6 31.Ne3 Rf2 32.Bc8 a5 33.Be6 Rxb2 34.c4 
Rxa2 35.cxb5 Rb2 36.Bd7 Bf7 37.Bc6 a4 38.b6 a3 39.b7 Bxe3 40.Rxe3 a2 41.
Ra3 e3 42.Bf3 Bd5 43.Bxd5 e2 44.Bb3 e1=Q+ 45.Kh2 Qe5 46.Ra8+ Kg7 0-1

[Event "6th Essent op"]
[Site "Hoogeveen NED"]
[Date "2002.10.14"]
[Round "4.19"]
[White "Archangelsky, Mikhail"]
[Black "Lahaye, Rick"]
[Result "0-1"]
[WhiteElo "2370"]
[BlackElo "2195"]
[EventDate "2002.10.11"]
[PlyCount "108"]

1.Nf3 c5 2.c4 Nc6 3.d4 cxd4 4.Nxd4 g6 5.e4 Bg7 6.Be3 Nf6 7.Nc3 d6 8.Be2 
O-O 9.O-O Bd7 10.Rc1 Nxd4 11.Bxd4 Bc6 12.Qd3 Nd7 13.Bxg7 Kxg7 14.Rfd1 Qb6 
15.b3 a5 16.Nd5 Bxd5 17.exd5 Ne5 18.Qe4 Qc5 19.Rc3 f5 20.Qh4 Rf7 21.Rh3 
Kg8 22.a4 Raf8 23.Re1 Rg7 24.Qg5 f4 25.Bg4 Qd4 26.Be6+ Kh8 27.Rh4 b6 28.
Rf1 Rf6 29.Re1 Qd2 30.Rf1 Nd3 31.Rh3 Ne1 32.Rh4 Nc2 33.Rh3 Nd4 34.Qg4 f3 
35.gxf3 h5 36.Qe4 Qc3 37.Qe3 Kh7 38.Kg2 Qb2 39.Rh4 Nxb3 40.Qxb6 Rxf3 41.c5
dxc5 42.d6 exd6 43.Bd5 Qf6 44.Bxf3 Qg5+ 45.Kh3 Nd2 46.Bg2 Qf5+ 47.Kg3 Qd3+
48.f3 Nxf1+ 49.Bxf1 Qxf1 50.Qxd6 c4 51.Qd5 c3 52.Qe4 Qg1+ 53.Kh3 Qc5 54.
Qc4 Rc7 0-1

[Event "6th Essent op"]
[Site "Hoogeveen NED"]
[Date "2002.10.14"]
[Round "4.20"]
[White "Span, Paul"]
[Black "Rooda, Kai P"]
[Result "1-0"]
[WhiteElo "2295"]
[BlackElo "2156"]
[EventDate "2002.10.11"]
[PlyCount "62"]

1.c4 e5 2.g3 Bc5 3.Bg2 d6 4.Nc3 Nc6 5.e3 Nf6 6.Nge2 O-O 7.d4 Bb6 8.h3 exd4
9.exd4 Re8 10.O-O Bf5 11.a3 a5 12.Bg5 Ne7 13.Bxf6 gxf6 14.g4 Bc8 15.Ng3 
Kh8 16.Qd3 c6 17.Rfe1 f5 18.gxf5 Ng8 19.Rxe8 Qxe8 20.Nce2 Qe7 21.d5 c5 22.
Qc3+ f6 23.Re1 Qf8 24.Nf4 Bd7 25.Ne6 Qf7 26.Bf3 Bxe6 27.fxe6 Qg7 28.Kh2 
Ne7 29.Nh5 Qg6 30.Nxf6 Bd8 31.Rg1 Qf5 1-0

[Event "6th Essent op"]
[Site "Hoogeveen NED"]
[Date "2002.10.14"]
[Round "4.21"]
[White "Weeks, Manuel"]
[Black "Van der Veen, Jan"]
[Result "1/2-1/2"]
[WhiteElo "2259"]
[BlackElo "2135"]
[EventDate "2002.10.11"]
[PlyCount "61"]

1.d4 Nf6 2.c4 d6 3.Nc3 e5 4.d5 Be7 5.e4 O-O 6.Bd3 c6 7.Nf3 Na6 8.h3 cxd5 
9.cxd5 Nc5 10.Bc2 a5 11.Be3 b6 12.O-O Bd7 13.a3 Qc7 14.Nd2 Rfc8 15.Qe2 b5 
16.Rfc1 b4 17.Nd1 Qb7 18.Bxc5 Rxc5 19.Nb3 Rcc8 20.a4 Bd8 21.Ne3 Bb6 22.Nc4
Ne8 23.Bd3 Rc7 24.Rc2 Qa7 25.h4 Qb8 26.g3 Rb7 27.Kg2 Qd8 28.Ncd2 Rc7 29.
Nc4 Rb7 30.Ncd2 Rc7 31.Nc4 1/2-1/2

[Event "6th Essent op"]
[Site "Hoogeveen NED"]
[Date "2002.10.14"]
[Round "4.22"]
[White "Boersma, Jan"]
[Black "Dogge, Marc"]
[Result "1/2-1/2"]
[WhiteElo "2244"]
[BlackElo "2124"]
[EventDate "2002.10.11"]
[PlyCount "132"]

1.e4 c5 2.Nc3 Nc6 3.g3 g6 4.Bg2 Bg7 5.d3 d6 6.f4 e5 7.Nh3 Nge7 8.O-O exf4 
9.Bxf4 O-O 10.Qd2 Ne5 11.Bh6 Rb8 12.Bxg7 Kxg7 13.Nf4 f5 14.Rae1 fxe4 15.
Nxe4 Nf5 16.c3 Re8 17.Kh1 h6 18.Bh3 Bd7 19.Nxg6 Nxg6 20.Bxf5 Bc6 21.Kg1 
Ne5 22.Bh3 Rf8 23.Bg2 Qe7 24.d4 cxd4 25.Qxd4 Bxe4 26.Qxe4 b6 27.Rxf8 Rxf8 
28.Qb7 Qxb7 29.Bxb7 Rf7 30.Bd5 Rc7 31.Re2 Rc5 32.Bg2 Kf6 33.Re4 Nd3 34.Re2
Ne5 35.Rf2+ Ke7 36.Bf1 Rd5 37.Kg2 Rd1 38.Be2 Rb1 39.Bb5 Ra1 40.a3 Re1 41.
Kh3 Re4 42.Re2 Rxe2 43.Bxe2 Kf6 44.Kh4 Kg6 45.h3 Kf6 46.Kh5 Kg7 47.g4 Ng6 
48.Bf1 Nf4+ 49.Kh4 Ne6 50.Bd3 Nc5 51.Bc2 Nd7 52.Kg3 Ne5 53.Kf4 Nc4 54.b3 
Nxa3 55.Bd3 Kf6 56.h4 b5 57.Ke4 Ke6 58.Kd4 a5 59.Bf5+ Kf6 60.Kd5 h5 61.
Kxd6 hxg4 62.Bxg4 Nb1 63.c4 bxc4 64.bxc4 Nd2 65.c5 Ne4+ 66.Kd5 Nxc5 
1/2-1/2

[Event "6th Essent op"]
[Site "Hoogeveen NED"]
[Date "2002.10.14"]
[Round "4.23"]
[White "Van Kooten, Luuk"]
[Black "Balzer, Lars"]
[Result "1-0"]
[WhiteElo "2236"]
[BlackElo "2110"]
[EventDate "2002.10.11"]
[PlyCount "99"]

1.e4 g6 2.d4 c6 3.Nc3 d5 4.e5 h5 5.f4 Nh6 6.Be3 Bf5 7.Nf3 Bg4 8.h3 Bxf3 9.
Qxf3 Nf5 10.Bf2 h4 11.Bd3 e6 12.Ne2 Nd7 13.O-O Be7 14.b3 Nf8 15.c4 Qd7 16.
c5 Rg8 17.b4 Nh6 18.Be3 O-O-O 19.a4 Kb8 20.b5 Ka8 21.a5 Nh7 22.a6 b6 23.
cxb6 axb6 24.bxc6 Qxc6 25.Rfc1 Qd7 26.Rab1 Rc8 27.Nc3 Nf5 28.Bb5 Qa7 29.
Bf2 g5 30.Nxd5 exd5 31.Rxc8+ Rxc8 32.Qxd5+ Kb8 33.Qxf7 Ng3 34.Qxh7 gxf4 
35.Qd3 Qc7 36.Bxg3 fxg3 37.Qe4 Ka7 38.Bf1 Rd8 39.Rc1 Qb8 40.Rc6 Rf8 41.Re6
Rf7 42.Qd5 Bg5 43.Rf6 Re7 44.Rf7 Qe8 45.e6 Bh6 46.Rxe7+ Qxe7 47.Qd7+ Qxd7 
48.exd7 Bg5 49.Bb5 Kb8 50.d5 1-0

[Event "6th Essent op"]
[Site "Hoogeveen NED"]
[Date "2002.10.14"]
[Round "4.24"]
[White "Van Lommel, Patrick"]
[Black "Van Weersel, Arlette"]
[Result "0-1"]
[WhiteElo "2226"]
[BlackElo "2093"]
[EventDate "2002.10.11"]
[PlyCount "64"]

1.c4 e6 2.g3 d5 3.Bg2 Nf6 4.Nf3 Be7 5.O-O O-O 6.Qc2 d4 7.d3 c5 8.Bf4 Nc6 
9.Nbd2 Nh5 10.Be5 f6 11.g4 Nxe5 12.gxh5 Nc6 13.Ne4 f5 14.Ng3 f4 15.Ne4 Rf5
16.h6 g6 17.Qd2 Qf8 18.Bh3 Rh5 19.Bg4 Rxh6 20.e3 e5 21.Bxc8 Rxc8 22.exf4 
exf4 23.Kh1 Qf5 24.Rg1 Qh3 25.Nf6+ Bxf6 26.Qxf4 Kg7 27.Rae1 Rf8 28.Rg3 Qd7
29.Qe4 Rf7 30.Reg1 Qe7 31.Qd5 Nb4 32.Qf5 Qd7 0-1